000 00874nam a2200277 i 4500
001 bg
100 1 _aDUBOIS-PETROFF, Marie-Pierre
245 1 0 _aSchody :
_bprojektowanie i realizacja /
_cMarie-Pierre Dubois Petroff ; [tł. Agata Pietrzak].
246 _iTyt. oryg.:
_aL'escalier
260 _aWarszawa :
_b"Arkady",
_c2004.
300 _a94, [2] s. :
_bfot. kolor., rys. ;
_c27 cm.
500 _aTyt. oryg.: "L'escalier" 2000.
504 _aIndeks.
650 9 _aSchody
_xbudowa i konstrukcje
655 _aPoradniki
700 1 _aPIETRZAK, Agata.
_eTł.
015 _aPB 19125/2004
020 _a8321342280
040 _cBPK
041 1 _apol
_hfre
080 _a692.6(083.1)
920 _a83-213-4228-0
942 _cKS
008 s pl f |000 0 pol
999 _c46212
_d46212